000
00294nam a22001217a 4500
008
180129b xxu||||| ||082039588889| 00| 0 eng d
041
_a
eng
080
_a
070
100
_a
40
101
_a
MED
245
_a
Media Composer 6: Part 2- Effects Essentials
_c
Staten, G
942
_2
udc
_c
BK
999
_c
41163
_d
41163